000 00231nam a2200121Ia 4500
100 _a#N/A
650 _aComputer/ IT
942 _cBK
654 _aibm
245 _aIBM IT Service Management
260 _b#N/A
546 _aENGLISH
999 _c21158
_d21158